| 000 | 006380000a22001210004500 | ||
|---|---|---|---|
| 100 | 1 | _aSilva Romero, Ricardo | |
| 245 | 1 | 0 | _aSpaghetti Morricone : El compositor italiano recibió el Óscar honorario |
| 300 | _aVol.0, núm.17 (Febrero, 2007), Página 30 | ||
| 500 | _aEscritor y crítico de cine de Semana | ||
| 520 | _aPuede que usted no haya oído hablar de él, pero seguro ha oído sus composiciones. Ennio Morricone llegó a la cúspide del cine de la mano de los famosos spaghetti westerns de Sergio Leone y tras décadas de trabajo, Hollywood le rinde homenaje. | ||
| 773 | 0 | _tArcadia / Andrés Felipe Solano, Editor | |
| 942 | _cANA | ||
| 999 |
_c61922 _d61922 |
||